000 00792nam a2200217Ia 4500
003 GCL
008 140319s9999 xx 000 0 ara d
020 _a7015003977
040 _aGCL /
_cGCL
082 0 4 _a810.94
_bم ا
100 1 _aمحمد زغلول سلام
245 1 0 _aالادب فى عصر العباسيين منذ قيام الدولة حتى نهاية القرن الثالث /
_cمحمد زغلول سلام
250 _aالاولى
260 _aالقاهرة :
_bمنشاة المعارف الاسلامية ،
_c1995
300 _a675 ص ؛
_c24سم
650 0 4 _aالادب العربى
650 0 4 _aالدولة العباسية الثانية
650 0 4 _aالدولة العباسية الثالثة
650 0 4 _aتاريخ ونقد
942 _2ddc
_cBK
999 _c32107
_d32107